00943 2200349 4500001002100000005001500021035002000036007000300056040001700059100002300076245004900099250001000148300004100158504002500199020001800224041000800242082000800250084001400258090002700272264004100299336002100340337003000361338002300391650001600414850001000430008004100440990002200481990002300503990002300526990002100549990002300570INLIS00000000000940120260420025542 a0010-1222000006ta aSBPUPADbind0 aSofian;ePengarang1 aSukses Membuat Kompos Dari Sampah /cSofian; acet.1 aviii, 54 hlm. :bilus. ;c15 x 23 cm abibiliografi, hlm 53 a979-006-016-50 aind a639 a639 SOF s a636.932 SON s L 19 R 9 aJakarta :bAgro Media Pustaka,c2007 2rdacontentateks 2rdamediaatanpa perantara 2rdacarrieravolume 4aKetrampilan aPUPAD260420 0  a7922/ARPUS-PDG 08 a70288/ARPUS-PDG 08 a70287/ARPUS-PDG 08 a4114/B/ARPUS/PDG a70289/ARPUS-PDG 08